000 00225nam a2200097Ia 4500
005 20251222114347.0
008 251222s1900||||xx |||||||||||||| ||spa||
082 _aDVD0092/A67/2003
245 0 _aEl árbol de la vida
942 _cDVD
999 _c1095
_d1095